Producción, recursos y medioambiente en el sudoeste bonaerense /
Guardado en:
| Otros Autores: | , |
|---|---|
| Formato: | Libro |
| Publicado: |
Bahía Blanca :
Ediuns,
2005
|
| Materias: | |
| Etiquetas: |
Agregar Etiqueta
Sin Etiquetas, Sea el primero en etiquetar este registro!
|
| LEADER | 00960nam a22002535a 4500 | ||
|---|---|---|---|
| 001 | EHU.bham042274 | ||
| 003 | AR-BHAM | ||
| 005 | 20130930121027.0 | ||
| 008 | 130507s2005##################000#0#####d | ||
| 020 | |a 9871171153 | ||
| 082 | 3 | 0 | |a 309.182 |
| 245 | 0 | 0 | |a Producción, recursos y medioambiente en el sudoeste bonaerense / |c Ed. Por María Del Carmen Vaquero, Mabel Cernadas De Bulnes |
| 260 | |a Bahía Blanca : |b Ediuns, |c 2005 | ||
| 300 | |a 504 p. | ||
| 653 | |a Bahía blanca-jornadas interdisciplinarias | ||
| 653 | |a Sudoeste bonaerense-jornadas | ||
| 653 | |a Jornadas-bahía blanca | ||
| 653 | |a Sudoeste bonaerense-agricultura y ganadería | ||
| 653 | |a Sudoeste bonaerense-geografía | ||
| 653 | |a Sudoeste bonaerense-economía | ||
| 653 | |a Sudoeste bonaerense-medio ambiente | ||
| 700 | 1 | |a Vaquero, María del Carmen, ed. | |
| 700 | 1 | |a Cernadas de Bulnes, Mabel N., ed. | |
| 859 | |a AR-BHAM |b BIB. HUMANIDADES - General |h 309.182 |i J769-2 |p 162.13 |t Ej.1 |v III |3 III | ||
